|
|
|
|
| LEADER |
00698cam a2200217 7i4500 |
| 001 |
0000044956 |
| 005 |
20121105090000.0 |
| 020 |
|
|
|a 9789791305402 (pbk.)
|
| 090 |
0 |
0 |
|a JA69.I5
|b M45 2010
|
| 100 |
1 |
|
|a Marsh, David
|
| 245 |
1 |
0 |
|a Teori dan metode dalam ilmu politik
|c David Marsh, Gerry Stoker.
|
| 250 |
|
|
|a 2nd ed.
|
| 260 |
|
|
|a Bandung:
|b Penerbit Nusa Media,
|c 2010.
|
| 300 |
|
|
|a xii, 432 p.;
|c 24 cm.
|
| 650 |
0 |
0 |
|a Political science
|
| 650 |
0 |
0 |
|a Political science --
|z Indonesia
|
| 700 |
1 |
|
|a Stoker, Gerry
|
| 997 |
|
|
|a Centre for Graduate Studies
|
| 998 |
|
|
|a Curriculum Management, Master
|
| 998 |
|
|
|a Education Management, Master
|
| 999 |
|
|
|a 0000053914
|b BOK
|c OPEN SHELF
|e 1st Floor, Shah Alam
|